Statistics for Richest Countries in the World - With Exceptions

Click here to take the quiz!

General Stats

  • This quiz has been taken 53 times
  • The average score is 21 of 30

Answer Stats

USDAnswer% Correct
$104,787Qatar
95%
$74,817United States
95%
$51,709Canada
89%
$47,926Japan
86%
$51,659Saudi Arabia
86%
$51,320South Korea
86%
$77,530United Arab Emirates
86%
$59,093Australia
84%
$47,308Israel
82%
$48,272New Zealand
82%
$113,653Singapore
82%
$55,228Bahrain
80%
$22,754Brazil
75%
$30,554Chile
75%
$47,119Kuwait
75%
$35,211Oman
73%
$23,939Argentina
70%
$65,295Taiwan
70%
$69,105Brunei
66%
$27,038Uruguay
64%
$22,534Costa Rica
61%
$35,722Turkey
61%
$38,155Bahamas
59%
$32,268Malaysia
55%
$31,276Seychelles
52%
$44,949Cyprus
48%
$32,912Panama
48%
$29,860Russia
43%
$27,407Trinidad and Tobago
39%
$27,865Kazakhstan
30%

Score Distribution

Percentile by Number Answered

Percent of People with Each Score

Your Score History

You have not taken this quiz